<?xml version="1.0" encoding="UTF-8"?>
<record
    xmlns:xsi="http://www.w3.org/2001/XMLSchema-instance"
    xsi:schemaLocation="http://www.loc.gov/MARC21/slim http://www.loc.gov/standards/marcxml/schema/MARC21slim.xsd"
    xmlns="http://www.loc.gov/MARC21/slim">

  <leader>01260cam a22002651i 4500</leader>
  <controlfield tag="003">SA-RiAUC</controlfield>
  <controlfield tag="005">20241221053219.0</controlfield>
  <controlfield tag="008">241216q19001999sy     g      000r0 ara c</controlfield>
  <datafield tag="040" ind1=" " ind2=" ">
    <subfield code="a">SA-JeALM</subfield>
    <subfield code="b">ara</subfield>
    <subfield code="c">SA-RiAUC</subfield>
    <subfield code="e">rda</subfield>
  </datafield>
  <datafield tag="082" ind1="0" ind2="4">
    <subfield code="a">237.3</subfield>
    <subfield code="q">SA-RiAUC</subfield>
  </datafield>
  <datafield tag="090" ind1=" " ind2=" ">
    <subfield code="a">237.3</subfield>
    <subfield code="b">&#x627; &#x628; &#x646; &#x62D;</subfield>
  </datafield>
  <datafield tag="100" ind1="1" ind2=" ">
    <subfield code="a">&#x627;&#x628;&#x646; &#x62D;&#x62C;&#x631; &#x627;&#x644;&#x639;&#x633;&#x642;&#x644;&#x627;&#x646;&#x64A;&#x60C; &#x623;&#x62D;&#x645;&#x62F; &#x628;&#x646; &#x639;&#x644;&#x64A; &#x628;&#x646; &#x645;&#x62D;&#x645;&#x62F;&#x60C;</subfield>
    <subfield code="d">773-852 &#x647;&#x62C;&#x631;&#x64A;</subfield>
    <subfield code="e">&#x645;&#x624;&#x644;&#x641;.</subfield>
  </datafield>
  <datafield tag="245" ind1="1" ind2="0">
    <subfield code="a">&#x628;&#x644;&#x648;&#x63A; &#x627;&#x644;&#x645;&#x631;&#x627;&#x645; &#x645;&#x646; &#x623;&#x62F;&#x644;&#x629; &#x627;&#x644;&#x623;&#x62D;&#x643;&#x627;&#x645; /</subfield>
    <subfield code="c">&#x62A;&#x623;&#x644;&#x64A;&#x641; &#x623;&#x628;&#x64A; &#x627;&#x644;&#x641;&#x636;&#x644; &#x623;&#x62D;&#x645;&#x62F; &#x628;&#x646; &#x639;&#x644;&#x64A; &#x628;&#x646; &#x62D;&#x62C;&#x631; &#x627;&#x644;&#x639;&#x633;&#x642;&#x644;&#x627;&#x646;&#x64A; &#x61B; &#x62A;&#x639;&#x644;&#x64A;&#x642; &#x645;&#x62D;&#x645;&#x62F; &#x623;&#x645;&#x64A;&#x646; &#x643;&#x62A;&#x628;&#x64A; &#x61B; &#x62A;&#x635;&#x62D;&#x64A;&#x62D; &#x637;&#x647; &#x645;&#x62D;&#x645;&#x62F; &#x627;&#x644;&#x632;&#x64A;&#x646;&#x649;.</subfield>
  </datafield>
  <datafield tag="264" ind1=" " ind2="1">
    <subfield code="a">&#x645;&#x643;&#x629; &#x627;&#x644;&#x645;&#x643;&#x631;&#x645;&#x629; :</subfield>
    <subfield code="b">&#x62F;&#x627;&#x631; &#x627;&#x644;&#x646;&#x647;&#x636;&#x629; &#x627;&#x644;&#x62D;&#x62F;&#x64A;&#x62B;&#x629;&#x60C;</subfield>
    <subfield code="c">1954</subfield>
  </datafield>
  <datafield tag="300" ind1=" " ind2=" ">
    <subfield code="a">352 &#x635;&#x641;&#x62D;&#x629; &#x61B;</subfield>
    <subfield code="c">24 &#x633;&#x645;</subfield>
  </datafield>
  <datafield tag="336" ind1=" " ind2=" ">
    <subfield code="a">&#x646;&#x635;</subfield>
    <subfield code="b">txt</subfield>
    <subfield code="2">rdacontent</subfield>
    <subfield code="3">&#x643;&#x62A;&#x627;&#x628;</subfield>
  </datafield>
  <datafield tag="337" ind1=" " ind2=" ">
    <subfield code="a">&#x628;&#x62F;&#x648;&#x646; &#x648;&#x633;&#x64A;&#x637;</subfield>
    <subfield code="b">n</subfield>
    <subfield code="2">rdamedia</subfield>
  </datafield>
  <datafield tag="338" ind1=" " ind2=" ">
    <subfield code="a">&#x645;&#x62C;&#x644;&#x62F;</subfield>
    <subfield code="b">nc</subfield>
    <subfield code="2">rdacarrier</subfield>
  </datafield>
  <datafield tag="650" ind1=" " ind2="7">
    <subfield code="a">&#x627;&#x644;&#x62D;&#x62F;&#x64A;&#x62B;</subfield>
    <subfield code="x">&#x643;&#x62A;&#x628; &#x623;&#x626;&#x645;&#x629; &#x627;&#x644;&#x641;&#x642;&#x647; &#x627;&#x644;&#x623;&#x631;&#x628;&#x639;&#x629;</subfield>
    <subfield code="2">aucsh</subfield>
  </datafield>
  <datafield tag="650" ind1=" " ind2="7">
    <subfield code="a">&#x627;&#x644;&#x62D;&#x62F;&#x64A;&#x62B;</subfield>
    <subfield code="x">&#x643;&#x62A;&#x628; &#x623;&#x626;&#x645;&#x629; &#x627;&#x644;&#x641;&#x642;&#x647; &#x627;&#x644;&#x623;&#x631;&#x628;&#x639;&#x629;</subfield>
    <subfield code="2">aucsh</subfield>
  </datafield>
  <datafield tag="700" ind1="1" ind2=" ">
    <subfield code="a">&#x643;&#x62A;&#x628;&#x64A;&#x60C; &#x645;&#x62D;&#x645;&#x62F; &#x623;&#x645;&#x64A;&#x646;&#x60C;</subfield>
    <subfield code="d">1327-1404 &#x647;&#x62C;&#x631;&#x64A;</subfield>
    <subfield code="e">&#x645;&#x639;&#x644;&#x642;.</subfield>
  </datafield>
  <datafield tag="700" ind1="1" ind2=" ">
    <subfield code="a">&#x627;&#x644;&#x632;&#x64A;&#x646;&#x649;, &#x637;&#x647; &#x645;&#x62D;&#x645;&#x62F;.</subfield>
    <subfield code="e">&#x645;&#x635;&#x62D;&#x62D;.</subfield>
  </datafield>
  <datafield tag="942" ind1=" " ind2=" ">
    <subfield code="2">ddc</subfield>
    <subfield code="c">RARE BOOK</subfield>
    <subfield code="n">0</subfield>
  </datafield>
  <datafield tag="949" ind1=" " ind2=" ">
    <subfield code="a">SA-JeALM</subfield>
    <subfield code="d">241216</subfield>
    <subfield code="u">mohamedma123</subfield>
    <subfield code="n">1</subfield>
  </datafield>
  <datafield tag="952" ind1=" " ind2=" ">
    <subfield code="0">0</subfield>
    <subfield code="1">0</subfield>
    <subfield code="2">ddc</subfield>
    <subfield code="4">0</subfield>
    <subfield code="7">0</subfield>
    <subfield code="a">WAHAB</subfield>
    <subfield code="b">WAHAB</subfield>
    <subfield code="d">2024-12-21</subfield>
    <subfield code="l">0</subfield>
    <subfield code="o">&#x646; 237.3 &#x627; &#x628; &#x646; &#x62D;</subfield>
    <subfield code="p">000005842</subfield>
    <subfield code="r">2024-12-21 05:33:22</subfield>
    <subfield code="w">2024-12-21</subfield>
    <subfield code="y">RARE BOOK</subfield>
  </datafield>
  <datafield tag="999" ind1=" " ind2=" ">
    <subfield code="c">3711</subfield>
    <subfield code="d">3711</subfield>
  </datafield>
</record>
